[Event "Politiken Cup"]
[Site "Helsingor DEN"]
[Date "2009.07.19"]
[Round "2"]
[White "Knudsen,Jo2"]
[Black "Svanholm,B"]
[Result "0-1"]
[WhiteElo "1787"]
[BlackElo "2001"]
[EventDate "2009.07.18"]

1. d4 Nf6 2. c4 g6 3. g3 Bg7 4. Bg2 O-O 5. Nc3 d6 6. Nf3 Nc6 7. O-O e5 8.
d5 Ne7 9. e4 c6 10. Bg5 h6 11. Bxf6 Bxf6 12. Rc1 Bg7 13. Ne1 cxd5 14. cxd5
Bd7 15. Nd3 Rc8 16. Qd2 Qb6 17. Rc2 f5 18. Rfc1 Kh7 19. b3 a6 20. Na4 Bxa4
21. bxa4 Rxc2 22. Rxc2 Rc8 23. Rb2 Qc7 24. Qb4 Rb8 25. a5 Nc8 26. f3 b5 27.
axb6 Rxb6 28. Qd2 Rxb2 29. Qxb2 fxe4 30. fxe4 a5 31. Qb3 Nb6 32. Qb5 Qa7
33. Kf1 Nd7 34. Nb2 Bf8 35. Nc4 a4 36. Qc6 Nf6 37. Nxd6 Qd4 38. Qc7+ Bg7
39. Qc4 Qd1+ 40. Kf2 Ng4+ 0-1

[Event "Politiken Cup"]
[Site "Helsingor DEN"]
[Date "2009.07.19"]
[Round "2"]
[White "Christensen,SvendI"]
[Black "Skjoldager,F"]
[Result "0-1"]
[WhiteElo "1775"]
[BlackElo "1997"]
[EventDate "2009.07.18"]

1. d4 Nf6 2. Nf3 e6 3. Bf4 b6 4. e3 Bb7 5. Nbd2 Be7 6. Bd3 O-O 7. Bg5 d6 8.
c4 Nbd7 9. Qc2 h6 10. Bh4 c5 11. O-O Rc8 12. Rac1 cxd4 13. Nxd4 Ne5 14. Be2
a6 15. Qd1 Rc7 16. N4f3 Ng6 17. Bg3 e5 18. Qb3 Rd7 19. Rfd1 Re8 20. Nh4
Nxh4 21. Bxh4 d5 22. cxd5 Bxd5 23. Qa4 Bb7 24. Bf3 b5 25. Qb3 e4 26. Bxf6
Bxf6 27. Bh5 Re5 28. g4 Rxh5 29. Nxe4 Bxe4 30. gxh5 Bf3 31. Rxd7 Qxd7 32.
Qc2 Qg4+ 33. Kf1 Qg2+ 34. Ke1 Qg1+ 35. Kd2 Qxf2+ 0-1

[Event "Politiken Cup"]
[Site "Helsingor DEN"]
[Date "2009.07.19"]
[Round "2"]
[White "Munk,Po"]
[Black "Mouritsen,J"]
[Result "1-0"]
[WhiteElo "1996"]
[BlackElo "1758"]
[EventDate "2009.07.18"]

1. c4 e6 2. Nc3 d5 3. d4 Nf6 4. Bg5 Be7 5. e3 O-O 6. Nf3 h6 7. Bh4 b6 8.
Be2 Bb7 9. O-O c5 10. Rc1 Nbd7 11. cxd5 Nxd5 12. Bg3 N7f6 13. h3 Rc8 14.
Nxd5 Nxd5 15. Qb3 Nf6 16. Rfd1 cxd4 17. Nxd4 Qd5 18. Nc6 Bxc6 19. Rxd5 Bxd5
20. Qd1 Bc5 21. Bf3 Rfd8 22. Bxd5 Rxd5 23. Qa4 Nh5 24. Bh2 a5 25. Rd1 Rcd8
26. Rxd5 Rxd5 27. g4 Nf6 28. a3 Bd6 29. Bxd6 Rxd6 30. b4 axb4 31. Qxb4 Rd1+
32. Kg2 Nd5 33. Qa4 Rd2 34. Kg3 g5 35. Qe8+ Kg7 36. Qc6 Rd3 37. a4 Rc3 38.
Qb5 Rc5 39. Qb2+ Kg8 40. h4 gxh4+ 41. Kxh4 Rc4 42. Qa2 Rb4 43. Kg3 Re4 44.
Qb3 Rb4 45. Qc2 Nf6 46. f3 Kf8 47. Qc8+ Kg7 48. Qc2 Nd5 49. e4 Nf6 50. Kh4
Rd4 51. g5 hxg5+ 52. Kxg5 Nh7+ 53. Kf4 Nf8 54. Ke3 e5 55. f4 f6 56. fxe5
fxe5 57. Qc7+ Kg8 58. Qxb6 Nd7 59. Qc6 Rd1 60. a5 1-0

[Event "Politiken Cup"]
[Site "Helsingor DEN"]
[Date "2009.07.19"]
[Round "2"]
[White "Maechel,M"]
[Black "Svendsen,Pet"]
[Result "1/2-1/2"]
[WhiteElo "1731"]
[BlackElo "1993"]
[EventDate "2009.07.18"]

1. e4 e5 2. Nf3 Nf6 3. Nxe5 d6 4. Nf3 Nxe4 5. d4 d5 6. Bd3 Nc6 7. O-O Be7
8. c3 O-O 9. Bf4 Bf6 10. Qc2 Re8 11. Nbd2 Nxd2 12. Nxd2 g6 13. Rfe1 Re6 14.
Nf3 Qe7 15. Rxe6 Bxe6 16. Re1 Re8 17. Bb5 Qd8 18. Qa4 Bd7 19. Rxe8+ Qxe8
20. Bxc7 Qe4 21. Qd1 Bg4 22. Bd3 Bxf3 23. Qxf3 Qe6 24. g3 Bg5 25. Bf4 Bf6
26. Qe3 Qg4 27. Be2 Qf5 28. Bd3 Qg4 29. Be2 Qf5 30. Bd3 Qg4 31. Be2 1/2-1/2

[Event "Politiken Cup"]
[Site "Helsingor DEN"]
[Date "2009.07.19"]
[Round "2"]
[White "Borup,M"]
[Black "Rasmussen,O"]
[Result "1-0"]
[WhiteElo "1992"]
[BlackElo "1751"]
[EventDate "2009.07.18"]

1. d4 Nf6 2. Nf3 d5 3. Bf4 c6 4. e3 Bf5 5. c4 e6 6. Be2 Nbd7 7. Qb3 Qb6 8.
c5 Qxb3 9. axb3 Be7 10. Nbd2 O-O 11. b4 a6 12. h3 Rfc8 13. O-O Bd8 14. Rfc1
Ne4 15. Nb3 h6 16. Na5 Bxa5 17. bxa5 g5 18. Bh2 Bh7 19. Ra3 f5 20. Ne5 Nxe5
21. Bxe5 Rf8 22. Rb3 Rf7 23. Bh5 Rd7 24. Rb4 Rf8 25. Be2 Bg6 26. f3 Nf6 27.
Kf2 h5 28. Rc3 Rff7 29. Rcb3 Nh7 30. f4 g4 31. Rb6 Nf8 32. Bxa6 bxa6 33.
Rxc6 Rb7 34. Rcb6 Rxb6 35. axb6 Nd7 36. b7 1-0

[Event "Politiken Cup"]
[Site "Helsingor DEN"]
[Date "2009.07.19"]
[Round "2"]
[White "Hansen,ReR"]
[Black "Rasmussen,Be"]
[Result "1/2-1/2"]
[WhiteElo "1991"]
[BlackElo "1724"]
[EventDate "2009.07.18"]

1. d4 d5 2. c4 e6 3. Nc3 Nf6 4. Nf3 Nbd7 5. e3 c6 6. Bd3 Be7 7. O-O O-O 8.
b3 Bd6 9. Bb2 Re8 10. Rc1 e5 11. cxd5 e4 12. dxc6 bxc6 13. Ne5 exd3 14.
Nxc6 Qb6 15. Na4 Qb5 16. Qd2 Qh5 17. h3 Ba6 18. f3 Qg5 19. Ne5 Qg3 20. Rc6
Nxe5 21. dxe5 Bxe5 22. Bxe5 Qxe5 23. Rxa6 Qxe3+ 24. Qxe3 Rxe3 25. Rd6 Rc8
26. Nb2 Rc2 27. Rd8+ Ne8 28. Rf2 Re1+ 29. Rf1 Ree2 30. Rb1 Rxg2+ 31. Kh1
Rh2+ 32. Kg1 Rhg2+ 33. Kh1 Rh2+ 1/2-1/2

[Event "Politiken Cup"]
[Site "Helsingor DEN"]
[Date "2009.07.19"]
[Round "2"]
[White "Kristinsson,Bj"]
[Black "Hagen,T"]
[Result "1-0"]
[WhiteElo "1985"]
[BlackElo "1716"]
[EventDate "2009.07.18"]

1. d4 Nf6 2. c4 e5 3. dxe5 Ng4 4. Qd4 Bb4+ 5. Bd2 Bxd2+ 6. Nxd2 Qg5 7. f4
Qe7 8. Ngf3 Nc6 9. Qc3 O-O 10. h3 Nh6 11. O-O-O a5 12. g4 d6 13. exd6 Qxd6
14. e3 Nb4 15. Kb1 b6 16. a3 Bb7 17. Be2 Na6 18. Bd3 Nc5 19. Bc2 Qe7 20. g5
Ne4 21. Nxe4 Nf5 22. Nfd2 Nd6 23. Nxd6 Bxh1 24. Nf5 1-0

[Event "Politiken Cup"]
[Site "Helsingor DEN"]
[Date "2009.07.19"]
[Round "2"]
[White "Zmylon,F"]
[Black "Skovgaard,T"]
[Result "0-1"]
[WhiteElo "1707"]
[BlackElo "1983"]
[EventDate "2009.07.18"]

1. e4 Nf6 2. e5 Nd5 3. d4 d6 4. Nf3 g6 5. c4 Nb6 6. Nc3 Bg7 7. Be3 O-O 8.
Be2 Nc6 9. exd6 cxd6 10. O-O Bg4 11. d5 Bxf3 12. Bxf3 Ne5 13. Bxb6 Nxf3+
14. Qxf3 Qxb6 15. b3 Bxc3 16. Qxc3 e5 17. Qe3 Qxe3 18. fxe3 f5 19. Rae1 a5
20. a4 Rf7 21. g3 Raf8 22. Rf2 Kg7 23. Ref1 e4 24. h4 Kf6 25. g4 Ke5 26.
Rf4 h6 27. Kg2 g5 28. hxg5 hxg5 29. Rxf5+ Rxf5 30. Rxf5+ Rxf5 31. gxf5 Kxf5
32. Kg3 b6 33. Kh3 Kg6 34. Kg4 Kh6 35. Kf5 Kh5 36. Kxe4 g4 37. Kf5 g3 38.
Ke6 g2 39. Kxd6 g1=Q 40. e4 Qg3+ 41. Kc6 Qxb3 42. e5 Qxa4+ 0-1

[Event "Politiken Cup"]
[Site "Helsingor DEN"]
[Date "2009.07.19"]
[Round "2"]
[White "Noer,M"]
[Black "Jacobsen,P2"]
[Result "1-0"]
[WhiteElo "1981"]
[BlackElo "1711"]
[EventDate "2009.07.18"]

1. d4 Nf6 2. Nf3 g6 3. g3 Bg7 4. Bg2 O-O 5. O-O d6 6. c4 Nbd7 7. Qc2 Rb8 8.
Rd1 b6 9. e4 Bb7 10. Nc3 c5 11. h3 cxd4 12. Nxd4 a6 13. Be3 Qc7 14. b3 Nc5
15. Rac1 Rfc8 16. Nd5 Nxd5 17. exd5 e6 18. b4 e5 19. bxc5 exd4 20. cxd6
Qxd6 21. Bxd4 Bh6 22. f4 Qd7 23. Bxb6 Bf8 24. Bd4 Ba3 25. Rb1 Ra8 26. Qb3
1-0

[Event "Politiken Cup"]
[Site "Helsingor DEN"]
[Date "2009.07.19"]
[Round "2"]
[White "Pallesen,Jo"]
[Black "Christensen,R"]
[Result "1-0"]
[WhiteElo "1701"]
[BlackElo "1974"]
[EventDate "2009.07.18"]

1. e4 c5 2. Nf3 Nc6 3. d4 cxd4 4. Nxd4 Nf6 5. Nc3 d6 6. Be2 g6 7. Be3 Bg7
8. f3 O-O 9. Qd2 Bd7 10. O-O Rc8 11. Nxc6 Bxc6 12. Nd5 Nd7 13. c3 Bxd5 14.
Qxd5 b6 15. f4 Nc5 16. Bf3 Qc7 17. Qd2 b5 18. g4 a5 19. f5 b4 20. cxb4 axb4
21. g5 Be5 22. Rf2 b3 23. a3 Na4 24. Bd4 Bxd4 25. Qxd4 Qc4 26. Rd1 Rc5 27.
Bg4 gxf5 28. exf5 Rfc8 29. f6 Rxg5 30. Rg2 e6 31. h4 Qxd4+ 32. Rxd4 Rc1+
33. Kh2 Ra5 34. Rxd6 h5 35. Bxe6+ Kh7 36. Bxf7 Rc2 37. Bg6+ Kh8 38. Rd8+
1-0

[Event "Politiken Cup"]
[Site "Helsingor DEN"]
[Date "2009.07.19"]
[Round "2"]
[White "Greeuw,S"]
[Black "Capion,J"]
[Result "1-0"]
[WhiteElo "1968"]
[BlackElo "1690"]
[EventDate "2009.07.18"]

1. d4 Nf6 2. Bg5 e6 3. e4 Be7 4. e5 Nd5 5. Bxe7 Qxe7 6. Qd2 Nc6 7. c4 Nb6
8. Nf3 Qb4 9. Bd3 Na4 10. b3 Nb6 11. Nc3 a6 12. O-O d5 13. exd6 cxd6 14.
Rac1 Bd7 15. Qg5 O-O 16. Bxh7+ Kxh7 17. Qh5+ Kg8 18. Ng5 Rfe8 19. Qxf7+ Kh8
20. Qg6 Kg8 21. Nce4 Nd8 22. Qh7+ Kf8 23. Qh8+ Ke7 24. Qxg7+ Nf7 25. Qf6+
1-0

[Event "Politiken Cup"]
[Site "Helsingor DEN"]
[Date "2009.07.19"]
[Round "2"]
[White "Johansen,J"]
[Black "Astrom,L"]
[Result "1-0"]
[WhiteElo "1968"]
[BlackElo "1689"]
[EventDate "2009.07.18"]

1. e4 c5 2. Nf3 d6 3. d4 cxd4 4. Nxd4 Nf6 5. Nc3 g6 6. Bc4 Bg7 7. Be3 Nc6
8. Qd2 Ng4 9. Nxc6 bxc6 10. Bg5 O-O 11. Bb3 c5 12. Nd5 Re8 13. c3 Be6 14.
h3 Nf6 15. Bxf6 Bxf6 16. Nxf6+ exf6 17. O-O Bxb3 18. axb3 Rxe4 19. Rfd1 Re6
20. Ra6 Rb8 21. Rxa7 Rxb3 22. Rda1 Rb8 23. Qd5 Qe8 24. Kh2 Re1 25. Rxe1
Qxe1 26. Qxf7+ 1-0

[Event "Politiken Cup"]
[Site "Helsingor DEN"]
[Date "2009.07.19"]
[Round "2"]
[White "Jorgensen,A"]
[Black "Hansen,An"]
[Result "1-0"]
[WhiteElo "1965"]
[BlackElo "2005"]
[EventDate "2009.07.18"]

1. d4 d5 2. c4 e6 3. Nc3 Nf6 4. Nf3 Nbd7 5. e3 b6 6. Bd3 Bb7 7. O-O Be7 8.
b3 O-O 9. Bb2 Ne4 10. Qe2 Ndf6 11. cxd5 exd5 12. Rac1 a6 13. Nd2 Nxc3 14.
Rxc3 Bb4 15. Rc2 Ne4 16. Bxe4 dxe4 17. Rfc1 Rc8 18. Nc4 Qh4 19. a3 Be7 20.
Ne5 Bd6 21. h3 Bd5 22. b4 b5 23. Qg4 Qh6 24. Qe2 f5 25. Re1 Qg5 26. g3 Rf6
27. Rc5 c6 28. Rec1 Bxc5 29. dxc5 Rh6 30. Kh2 Qh5 31. Qxh5 Rxh5 32. Rd1 g5
33. Nd7 Rh6 34. Nf6+ Rxf6 35. Bxf6 h6 36. h4 Kf7 37. hxg5 Rg8 38. Be5 hxg5
39. g4 Ke6 40. Bc7 fxg4 41. Kg3 Kf5 42. Rh1 Rg7 43. Bb6 Be6 44. Rh8 Rd7 45.
Rf8+ Kg6 46. Rd8 Rd3 47. Rd6 Kf5 48. Rxc6 Rxa3 49. Rd6 Rd3 50. Rc6 Rd7 51.
Ba5 Ra7 52. Rd6 Ke5 53. Rd8 Rh7 54. c6 Rh1 55. c7 Rc1 56. Bb6 Rc6 57. Ba5
Kf5 58. Rf8+ Ke5 59. Kh2 Kd6 60. Rf6 Ke5 61. Rg6 Kf5 62. Rh6 Ke5 63. Kg3
Kf5 64. Rh7 Bc8 65. Rf7+ Rf6 66. Re7 Rc6 67. Re8 Be6 68. Rb8 Ke5 69. Bb6
Kd6 70. Rd8+ Ke5 71. Re8 Kd6 72. Ba5 Ke5 73. Re7 Kf6 74. Rh7 Kf5 75. Rh1
Ke5 76. Rd1 Kf6 77. Kg2 Ke7 78. Rd4 Rc4 79. Rd8 Rc6 80. Kf1 Bd7 81. Ke2 Ke6
82. Kd2 Ke7 83. Rb8 Ke6 84. Rh8 Ke5 85. Rh7 Be6 86. Rh6 Kf5 87. Bb6 Ke5 88.
Bd4+ Kd5 89. Rh7 Bc8 90. Rg7 Rd6 91. Rg8 1-0

[Event "Politiken Cup"]
[Site "Helsingor DEN"]
[Date "2009.07.19"]
[Round "2"]
[White "Eiholt,B"]
[Black "Vaarala,E"]
[Result "0-1"]
[WhiteElo "1678"]
[BlackElo "1964"]
[EventDate "2009.07.18"]

1. d4 c5 2. d5 e5 3. c4 d6 4. Nc3 f5 5. Nf3 Nf6 6. e3 Be7 7. Be2 O-O 8. O-O
h6 9. Ne1 Nbd7 10. a3 Kh8 11. b4 g5 12. f4 gxf4 13. exf4 e4 14. Bb2 Kh7 15.
Nc2 Rg8 16. Ne3 cxb4 17. axb4 Qb6 18. Qd2 Qxb4 19. Nxf5 Qb6+ 20. Kh1 Bf8
21. Nb5 Nc5 22. Bxf6 Bxf5 23. Qe3 Rg6 24. Bd4 Qd8 25. Bh5 Rg8 26. Qf2 Nd3
27. Qe3 a6 28. Nc3 Qe7 29. Qe2 Bg7 30. Bxg7 Qxg7 31. Nxe4 Nxf4 32. Rxf4
Qxa1+ 33. Rf1 Qd4 34. Bf3 Rae8 35. Re1 Kh8 36. Qe3 Qg7 37. Qb6 Bxe4 38.
Rxe4 Rxe4 39. Bxe4 Qa1+ 40. Qg1 Qxg1+ 41. Kxg1 Rg4 42. Bd3 Rd4 43. Be2 a5
44. Kf2 a4 45. Ke3 a3 0-1

[Event "Politiken Cup"]
[Site "Helsingor DEN"]
[Date "2009.07.19"]
[Round "2"]
[White "Madsen,D"]
[Black "Tandrup,M"]
[Result "0-1"]
[WhiteElo "1579"]
[BlackElo "1948"]
[EventDate "2009.07.18"]

1. d4 d5 2. e4 c6 3. e5 Bf5 4. Bd3 Bxd3 5. Qxd3 e6 6. Nf3 c5 7. Qb5+ Qd7 8.
Nc3 a6 9. Qb6 Qc6 10. dxc5 Bxc5 11. Qb3 Ne7 12. Na4 Ba7 13. Bf4 b5 14. Nc3
Nd7 15. Rc1 Nc5 16. Qb4 Qc7 17. O-O Nc6 18. Nxd5 exd5 19. e6 Nxb4 20. Bxc7
Nxe6 21. Bd6 Nc6 22. Rce1 Rd8 23. Bg3 O-O 24. h4 Bb8 25. Ng5 Nxg5 26. Bxb8
Ne4 27. Bf4 Rfe8 28. f3 Nc5 29. Rd1 Ne6 30. Be3 d4 31. Bf2 Nf4 32. Kh2 Re2
33. g3 Nd5 34. Kh3 Ne3 35. Bxe3 Rxe3 36. Rf2 Rde8 37. f4 Re2 38. Rd2 Rxf2
39. Rxf2 f5 40. Rd2 b4 41. b3 Re4 42. h5 h6 43. Rf2 Kf7 44. g4 fxg4+ 45.
Kxg4 Kf6 0-1

[Event "Politiken Cup"]
[Site "Helsingor DEN"]
[Date "2009.07.19"]
[Round "2"]
[White "Hansen,I"]
[Black "Jensen,Ha"]
[Result "1-0"]
[WhiteElo "1943"]
[BlackElo "1620"]
[EventDate "2009.07.18"]

1. e4 e5 2. Nf3 Nc6 3. Bb5 a6 4. Ba4 Nf6 5. O-O b5 6. Bb3 Bc5 7. c3 O-O 8.
d4 exd4 9. cxd4 Bb6 10. e5 Ne8 11. Ng5 d5 12. Qd3 g6 13. Be3 Ng7 14. Nc3
Be6 15. Rac1 Nxd4 16. Nxe6 Ndxe6 17. Bxb6 cxb6 18. Nxd5 Kh8 19. Qe3 Nf5 20.
Qh3 Nfd4 21. Nf6 h5 22. Qe3 Nf5 23. Qh3 Ng5 24. Qc3 Nd4 25. Qe3 Nde6 26.
Bxe6 Nxe6 27. Qh6+ 1-0

[Event "Politiken Cup"]
[Site "Helsingor DEN"]
[Date "2009.07.19"]
[Round "2"]
[White "Hein,Ja"]
[Black "Nielsen,Aa"]
[Result "0-1"]
[WhiteElo "1593"]
[BlackElo "1932"]
[EventDate "2009.07.18"]

1. c4 f5 2. Nc3 Nf6 3. Nf3 d6 4. d4 g6 5. Bg5 Bg7 6. e4 Nxe4 7. Nxe4 fxe4
8. Nd2 d5 9. Be3 e6 10. Rc1 O-O 11. Qc2 c6 12. Be2 Qh4 13. O-O e5 14. f4
exd4 15. Bf2 Qe7 16. cxd5 e3 17. Bg3 exd2 18. Qxd2 Bf5 19. Bc4 Kh8 20. Rce1
Qc5 21. Bd3 Qxd5 22. Re7 Nd7 23. Bxf5 Qxf5 24. Kh1 Bf6 25. Ree1 Rfe8 26.
Qb4 Nc5 27. Rxe8+ Rxe8 28. Qc4 Qd3 29. Qc1 Ne4 30. Rf3 Qd2 0-1

[Event "Politiken Cup"]
[Site "Helsingor DEN"]
[Date "2009.07.19"]
[Round "2"]
[White "Gade,J"]
[Black "Brauner,J"]
[Result "0-1"]
[WhiteElo "1535"]
[BlackElo "1919"]
[EventDate "2009.07.18"]

1. f4 d5 2. Nf3 Nf6 3. e3 c5 4. Be2 Nc6 5. O-O g6 6. Ne5 Qc7 7. d4 Bg7 8.
c4 dxc4 9. Bxc4 e6 10. Nc3 a6 11. b3 cxd4 12. exd4 O-O 13. Nxc6 Qxc6 14.
Qf3 Qxf3 15. Rxf3 b5 16. Bf1 Bb7 17. Rd3 Rfd8 18. Ne2 Nd5 19. Bb2 Rac8 20.
Rd2 Ne3 21. Kf2 Ng4+ 22. Kg1 Ne3 23. Kf2 Nxf1 24. Rxf1 Rd7 25. Ba3 a5 26.
Bc5 Rxc5 0-1

[Event "Politiken Cup"]
[Site "Helsingor DEN"]
[Date "2009.07.19"]
[Round "3"]
[White "Malakhov,V"]
[Black "Carstensen,J"]
[Result "1-0"]
[WhiteElo "2707"]
[BlackElo "2330"]
[EventDate "2009.07.18"]

1. e4 c5 2. Nf3 d6 3. d4 cxd4 4. Nxd4 Nf6 5. Nc3 a6 6. g3 e5 7. Nb3 Be6 8.
Bg2 Nbd7 9. O-O Rc8 10. a4 Be7 11. Re1 O-O 12. Nd2 Qa5 13. Nf1 b5 14. Ne3
Rfe8 15. Bd2 Qb6 16. axb5 axb5 17. b4 Qc6 18. Qe2 Rb8 19. Ra5 Bc4 20. Nxc4
bxc4 21. b5 Qc7 22. Rea1 Nb6 23. Be3 Nfd7 24. Bf1 h6 25. Nd5 Nxd5 26. exd5
Nb6 27. Ra7 Rb7 28. Rxb7 Qxb7 29. Bxb6 Qxb6 30. Qxc4 Rb8 31. Qc6 Qd4 32. c3
Qc5 33. Ra8 Rxa8 34. Qxa8+ Kh7 35. Qe8 1-0

[Event "Politiken Cup"]
[Site "Helsingor DEN"]
[Date "2009.07.19"]
[Round "3"]
[White "Bruehl,A"]
[Black "Nielsen,PH"]
[Result "0-1"]
[WhiteElo "2360"]
[BlackElo "2680"]
[EventDate "2009.07.18"]

1. d4 Nf6 2. c4 g6 3. g3 Bg7 4. Bg2 O-O 5. Nc3 Nc6 6. Nf3 d5 7. Ne5 dxc4 8.
Nxc6 bxc6 9. Bxc6 Rb8 10. Bg2 Bb7 11. e4 c5 12. d5 Nd7 13. O-O Ne5 14. Bf4
Ba6 15. Rb1 Rb4 16. Bxe5 Bxe5 17. Qc2 Qb6 18. Rfc1 Rb8 19. Nd1 Bxb2 20.
Rxb2 Rxb2 21. Nxb2 Qxb2 22. Bf1 Qd4 23. Rb1 Rxb1 24. Qxb1 Kg7 25. Qc2 Bb5
26. a4 Bd7 27. Bxc4 Bh3 28. Bf1 Qa1 29. Qc4 f6 30. f4 Bxf1 31. Qxf1 Qxa4
32. Qe2 Qd4+ 33. Kf1 c4 34. Qc2 a5 35. Ke2 a4 0-1

[Event "Politiken Cup"]
[Site "Helsingor DEN"]
[Date "2009.07.19"]
[Round "3"]
[White "Tiviakov,S"]
[Black "Matthiesen,A"]
[Result "1-0"]
[WhiteElo "2674"]
[BlackElo "2324"]
[EventDate "2009.07.18"]

1. e4 g6 2. d4 Bg7 3. c3 d6 4. Bg5 Nf6 5. Nd2 h6 6. Bh4 O-O 7. Ngf3 c5 8.
dxc5 dxc5 9. Bc4 Nc6 10. O-O g5 11. Bg3 Nh5 12. Be2 Nxg3 13. hxg3 Rb8 14.
Nh2 e6 15. Qc2 b5 16. Rad1 Qe7 17. f4 f5 18. exf5 exf5 19. Bf3 c4 20. Kh1
Rb6 21. Bd5+ Kh8 22. Ndf3 gxf4 23. gxf4 Qf6 24. Rfe1 Ne7 25. Ne5 Nxd5 26.
Rxd5 Bb7 27. Rdd1 Qh4 28. Nd7 Be4 29. Rxe4 fxe4 30. Nxf8 Bxf8 31. Qxe4 Rf6
32. Rf1 Bd6 33. Qd4 Be7 34. Qxa7 Rf5 35. g3 Qf6 36. Qa8+ Kg7 37. Qe4 h5 38.
Nf3 Bc5 39. Nh4 Rg5 40. Rd1 Rg4 41. Rd7+ 1-0

[Event "Politiken Cup"]
[Site "Helsingor DEN"]
[Date "2009.07.19"]
[Round "3"]
[White "Carlstedt,J"]
[Black "Sargissian,G"]
[Result "0-1"]
[WhiteElo "2309"]
[BlackElo "2667"]
[EventDate "2009.07.18"]

1. c4 e5 2. g3 Nf6 3. Bg2 Nc6 4. Nc3 Bc5 5. a3 a6 6. e3 O-O 7. Nge2 d6 8.
d4 Ba7 9. h3 Ne7 10. O-O Be6 11. b3 c6 12. Bb2 b5 13. cxb5 axb5 14. a4 b4
15. Na2 c5 16. dxe5 dxe5 17. Nac1 Ng6 18. Qc2 Rc8 19. Rd1 Qe7 20. Nd3 c4
21. bxc4 Rxc4 22. Qd2 Bf5 23. Rac1 Rxc1 24. Ndxc1 Ne4 25. Qd5 Nc5 26. a5
Qc7 27. Qc4 Qxa5 28. g4 Be6 29. Bd5 Rd8 30. Kg2 Rxd5 31. Rxd5 Qb6 32. Nd3
Ne7 0-1

[Event "Politiken Cup"]
[Site "Helsingor DEN"]
[Date "2009.07.19"]
[Round "3"]
[White "Engelbert,C"]
[Black "Postny,E"]
[Result "0-1"]
[WhiteElo "2185"]
[BlackElo "2647"]
[EventDate "2009.07.18"]

1. e4 c6 2. d4 d5 3. exd5 cxd5 4. Bd3 Nc6 5. c3 Qc7 6. Ne2 Bg4 7. f3 Bh5 8.
Bf4 Qd7 9. O-O e6 10. Bg3 Bg6 11. Nf4 Bd6 12. Qe1 Bxf4 0-1

[Event "Politiken Cup"]
[Site "Helsingor DEN"]
[Date "2009.07.19"]
[Round "3"]
[White "Avrukh,B"]
[Black "Bach,Mat"]
[Result "1-0"]
[WhiteElo "2641"]
[BlackElo "2307"]
[EventDate "2009.07.18"]

1. d4 d5 2. c4 e6 3. Nf3 c5 4. cxd5 exd5 5. g3 Nc6 6. Bg2 Nf6 7. Nc3 Be7 8.
O-O O-O 9. dxc5 Bxc5 10. Na4 Bd6 11. Be3 Re8 12. Rc1 Rxe3 13. fxe3 Qe7 14.
Qd2 Ng4 15. e4 Qxe4 16. Ng5 Qe3+ 17. Qxe3 Nxe3 18. Rf3 Nxg2 19. Kxg2 Ne5
20. Rb3 b6 21. Rxb6 Nc4 22. Rxd6 Nxd6 23. Rc7 Bg4 24. Nf3 Re8 25. Nc3 Nf5
26. Kf2 d4 27. Nd5 a6 28. Ra7 h5 29. Rxa6 Rc8 30. Nf4 Re8 31. b4 h4 32.
gxh4 f6 33. b5 Re4 34. Ne6 Bxf3 35. Kxf3 Re5 36. a4 Nxh4+ 37. Kf2 Nf5 38.
Ra8+ Kf7 39. Nd8+ Kg6 40. b6 Ne3 41. Kf3 Nd1 42. b7 Re3+ 43. Kg2 Rxe2+ 44.
Kf1 d3 45. b8=Q Ne3+ 46. Kg1 Rg2+ 47. Kh1 d2 48. Qb1+ Kh5 49. Ne6 1-0

[Event "Politiken Cup"]
[Site "Helsingor DEN"]
[Date "2009.07.19"]
[Round "3"]
[White "Bejtovic,J"]
[Black "Kuzubov,Y"]
[Result "0-1"]
[WhiteElo "2307"]
[BlackElo "2635"]
[EventDate "2009.07.18"]

1. e4 c5 2. Nf3 Nc6 3. d4 cxd4 4. Nxd4 e5 5. Nb5 d6 6. N1c3 a6 7. Na3 Be6
8. Nc4 Be7 9. Ne3 Nf6 10. g3 Rc8 11. Bg2 Nd4 12. O-O O-O 13. a4 Bd7 14. a5
Rc5 15. Rb1 Re8 16. Qd3 Qc8 17. Bd2 Bd8 18. Rfe1 Be6 19. b4 Bc4 20. Nxc4
Rxc4 21. Rb2 Re7 22. Nd5 Nxd5 23. exd5 Rec7 24. c3 Nb5 25. f4 Bf6 26. fxe5
Bxe5 27. Rxe5 dxe5 28. d6 Rd7 29. Bd5 Nxd6 30. Be1 Rcc7 31. Rf2 Kh8 32. Qe2
Re7 33. Qh5 e4 34. Rf4 f6 35. c4 Re5 36. Qh4 Rxd5 37. cxd5 Rc1 38. Rf1 e3
39. g4 e2 40. Rf3 Ne4 41. Re3 g5 0-1

[Event "Politiken Cup"]
[Site "Helsingor DEN"]
[Date "2009.07.19"]
[Round "3"]
[White "Berg,E"]
[Black "Thomassen,J"]
[Result "1-0"]
[WhiteElo "2610"]
[BlackElo "2300"]
[EventDate "2009.07.18"]

1. e4 c5 2. Nf3 d6 3. d4 cxd4 4. Nxd4 Nf6 5. Nc3 a6 6. Bg5 e6 7. f4 Be7 8.
Qf3 Qc7 9. O-O-O Nbd7 10. Bd3 h6 11. Qh3 Rg8 12. e5 dxe5 13. Nxe6 fxe6 14.
Bg6+ Kd8 15. Bxf6 gxf6 16. Bf7 Rg7 17. Bxe6 Bf8 18. Nd5 Qc6 19. Nxf6 Rxg2
20. c3 Qb6 21. Qxg2 Qxe6 22. Nxd7 Bxd7 23. Qxb7 1-0

[Event "Politiken Cup"]
[Site "Helsingor DEN"]
[Date "2009.07.19"]
[Round "3"]
[White "Christensen,Bo"]
[Black "Hillarp Persson,T"]
[Result "1/2-1/2"]
[WhiteElo "2277"]
[BlackElo "2596"]
[EventDate "2009.07.18"]

1. e4 c5 2. Nf3 e6 3. b4 cxb4 4. a3 d5 5. e5 Nc6 6. axb4 Bxb4 7. c3 Be7 8.
d4 f6 9. Bd3 fxe5 10. dxe5 Nh6 11. Bxh6 gxh6 12. O-O O-O 13. Re1 Bd7 14.
Nbd2 Rf7 15. c4 Nb4 16. Bb1 Bc6 17. Nd4 Bc5 18. N2b3 Bxd4 19. Nxd4 dxc4 20.
Ra3 Rg7 21. Rg3 Rxg3 22. hxg3 Bd5 23. f4 Kh8 24. Kh2 c3 25. Qh5 Qf8 26. f5
Rc8 27. Nc2 Nxc2 28. Bxc2 exf5 29. Bxf5 Re8 30. e6 Re7 31. Bh3 Bc6 32. Qc5
Qg7 33. Re3 c2 34. Qxc2 Qd4 35. Rd3 Qf6 36. Qc5 a6 37. Rd4 Qg5 38. Rd8+ Be8
39. Qd4+ Qg7 40. Qf4 Kg8 41. Bf5 Qf6 42. Qg4+ Qg5 43. Qe4 Kg7 44. Qd3 h5
45. Kh3 Bc6 46. Qd4+ Kh6 47. Qe5 Be8 48. Qe4 Bg6 49. Bxg6 Qg4+ 50. Kh2 Rxe6
51. Qxg4 hxg4 52. Bf5 Rb6 53. Bxg4 a5 54. Ra8 Rb4 55. Bf5 a4 56. g4 Kg5 57.
Bd7 b5 58. Ra5 Kf4 59. Rxb5 Rxb5 60. Bxb5 a3 61. Bc4 Kxg4 62. Be6+ Kf4 63.
Kh3 h6 64. Ba2 Ke3 65. Kg3 Ke2 66. Kh4 Kf2 67. g3 Kf3 68. Bd5+ Kf2 69. g4
Ke3 70. Kh5 Kf4 71. Ba2 Kg3 72. Bb3 1/2-1/2

[Event "Politiken Cup"]
[Site "Helsingor DEN"]
[Date "2009.07.19"]
[Round "3"]
[White "Skovgaard,Pe2"]
[Black "Negi,P"]
[Result "0-1"]
[WhiteElo "2258"]
[BlackElo "2590"]
[EventDate "2009.07.18"]

1. e4 c5 2. Nf3 d6 3. c3 Nf6 4. Bd3 Nc6 5. Bc2 Bg4 6. h3 Bxf3 7. Qxf3 g6 8.
O-O Bg7 9. Qe2 O-O 10. d3 b5 11. Be3 Nd7 12. Rd1 b4 13. Ba4 bxc3 14. bxc3
Rc8 15. d4 Qa5 16. Qb5 Nb6 17. Qxa5 Nxa5 18. Bb3 Nac4 19. Bg5 cxd4 20. cxd4
Nb2 21. Rd2 Rc1+ 22. Kh2 N2c4 23. Rd3 Re1 24. f3 Rc8 25. Bxe7 Nb2 26. Rd2
Rcc1 27. e5 N2c4 28. Rc2 Rxc2 29. Bxc2 dxe5 30. Bb4 Rc1 31. Bd3 e4 32. Bxc4
Nxc4 33. Bc3 e3 0-1

[Event "Politiken Cup"]
[Site "Helsingor DEN"]
[Date "2009.07.19"]
[Round "3"]
[White "Hammer,J"]
[Black "Angskog,K"]
[Result "1-0"]
[WhiteElo "2583"]
[BlackElo "2255"]
[EventDate "2009.07.18"]

1. d4 g6 2. c4 Bg7 3. Nc3 d6 4. e4 Nc6 5. Be3 e5 6. d5 Nce7 7. c5 f5 8.
Bb5+ Kf8 9. f4 Nf6 10. Nge2 Ng4 11. Bd2 c6 12. Bc4 b5 13. Bb3 b4 14. Na4
dxc5 15. h3 Nf6 16. d6 Qxd6 17. fxe5 Qxe5 18. Bf4 Qxe4 19. Nxc5 Qxg2 20.
Rh2 Qf3 21. Qd8+ Ne8 22. Nd4 Nd5 23. Bd6+ Kf7 24. Qe7+ 1-0

[Event "Politiken Cup"]
[Site "Helsingor DEN"]
[Date "2009.07.19"]
[Round "3"]
[White "Lindberg,H"]
[Black "Hector,J"]
[Result "0-1"]
[WhiteElo "2240"]
[BlackElo "2556"]
[EventDate "2009.07.18"]

1. e4 e5 2. Nf3 Nc6 3. d4 exd4 4. Nxd4 Qf6 5. Be3 Bc5 6. c3 Qg6 7. Nd2 Nge7
8. g3 Bxd4 9. cxd4 d5 10. Bg2 dxe4 11. Nxe4 Be6 12. O-O Bd5 13. Nc3 Bxg2
14. Kxg2 O-O 15. Qa4 Rad8 16. Rad1 Nd5 17. Rfe1 a6 18. Qb3 Nce7 19. Qxb7 f5
20. Bc1 f4 21. Re5 Qf7 22. Rf1 Rd6 23. Qb3 c6 24. f3 Kh8 25. Ne4 Rdd8 26.
Ng5 Qf6 27. Ne4 Qg6 28. Rg5 Qf7 29. g4 Ng6 30. Rh5 Nf6 31. Qxf7 Rxf7 32.
Nxf6 Rxf6 33. Rd1 Re6 34. Kf2 Rde8 35. Rd2 Re1 36. Rc2 Kg8 37. Rhc5 Rh1 38.
Kg2 Nh4+ 39. Kh3 Nxf3 40. Bxf4 Nxd4 41. Rf2 Rg1 42. Be5 Ne6 43. Rxc6 Ng5+
44. Kh4 h6 45. Bc3 Re3 46. Kh5 Kh7 47. h4 Rh1 0-1